000 00819nam a22002777a 4500
999 _c532404
_d532404
001 12881204
003 NUST
005 20191120100923.0
008 011213s1999 th a 000 1 eng
010 _a 2001412285
020 _a9781846140853
035 _a(DLC) 2001412285
037 _bLibrary of Congress -- Jakarta Overseas Office
_cBHT210.00
038 _aMSOHAIL
040 _aDLC
_cDLC
042 _alcode
050 0 0 _aMLCS 2002/00115 (P)
082 _a823
_bNIC
100 1 _aNicholas, Nassim
_97297
245 1 4 _aThe black swan /
_cNassim Nicholas
260 _aKlong Toey, Bangkok, Thailand :
_bPost Books,
_c1999.
300 _a366 p. :
_bill. ;
_c18 cm.
906 _a7
_bcbc
_corigode
_d4
_encip
_f20
_gy-gencatlg
942 _2ddc
_cBK